00533nam a2200193Ia 450000500170000000800410001702000150005808200130007310000140008624500250010026000320012530000150015765000210017265000170019365000110021094200060022195200970022799900150032420240606002904.0240331s9999 xx 000 0 und d a0862329876 bBOYa362 aBoylan, E 0aWomen and disability aLondonbZed Books Ltdc1991 axi,111 p., aWomen's Studies  aDevelopment  aHealth cL 001040708LaWERCLbWERCLcSSCd2024-03-31l0o 362.4 BOYp1682r2024-03-31w2024-03-31yL c2875d2875